000 00376nam a2200145Ia 4500
008 191201s2005 xx 000 0 und d
082 _a621.26
_bRAH
100 _aRAMAMRUTHAM, S
245 0 _aHydraulics Fluid Mechanics and Fluid Machines
250 _a7th Rep
260 _aN.Delhi
_bDhanpat Rai Pub (P) Ltd
_c2005
300 _a1183
650 _aB.Tech(ME)
942 _2ddc
_cBK
999 _c911
_d911